000 00621nam a22002297a 4500
001 BD-DhSAU 5337
003 BD-DhSAU
005 20150415120127.0
008 150118b2005 ii a|||| |||| 001 0 eng d
040 _aBD-DhSAU
082 _222
_a631.3
_bOJP
100 _aOjha, T.P.
245 _aPrinciples of agricultural engineering /
_cA.M. Michael and T.P. Ojha
250 _a5th ed.
260 _aNew Delhi :
_bJain Brothers ,
_c1987.
300 _axxiv, 902 p. :
_bill. ;
_c22 cm.
440 _v1
504 _ainclude index
590 _atamanna
650 _aagricultural engineering
700 _aMichael, A.M.
942 _2ddc
_cBOOK
999 _c5337
_d5337